| 000 | 00521nam a2200169 a 4500 | ||
|---|---|---|---|
| 001 | 000026871 | ||
| 005 | 20250502073819.0 | ||
| 008 | 110328s1971 dr 000 0 spa d | ||
| 040 |
_aDO-SdBNP _bspa _cBNPHU |
||
| 110 | 1 |
_aRepública Dominicana. _bOficina Nacional de Administración y Personal _926398 |
|
| 245 | 1 | 0 | _aEstudio administrativo de la Liga Municipal Dominicana. |
| 260 |
_aSanto Domingo : _bONAP, _c1971. |
||
| 300 |
_a48 [44] ; _c28 cm. |
||
| 490 | 1 |
_aONAP _v33 |
|
| 830 |
_aONAP _v33 _910860 |
||
| 049 | _aBNPD | ||
| 999 |
_c26363 _d26363 |
||